000 00687nam a2200241 i 4500
001 bg
100 1 _aKącki, Edward
_d(1925- ).
245 1 0 _aWybrane działy matematyki wyższej z ćwiczeniami /
_cEdward Kącki, Lucjan Siewierski.
250 _aWyd.4.
260 _aWarszawa :
_bWydawnictwo Naukowe PWN,
_c1993.
300 _a323, [1], :
_brys., wykr. ;
_c24 cm.
650 9 _aAnaliza matematyczna
650 9 _aTensory
655 _aĆwiczenia i zadania
700 1 _aSiewierski, Lucjan.
020 _a830100472X
040 _cBPK
041 0 _apol
080 _a517+514.7](075.8)
920 _a83-01-00472-X
942 _cKS
008 960315s1993 pl f |000 0 pol
999 _c24465
_d24465
856 _uhttp://koha.tu.koszalin.pl/cgi-bin/koha/opac-detail.pl?biblionumber=24465
_yKatalog online BPK